Fill In The Lyrics - Statistics

General Stats
  • This quiz has been taken 78 times
  • The average score is 68 of 152
Answer Stats
Answer % Correct
I
97%
You
94%
you
94%
you?
94%
you,
94%
the
84%
love?
73%
love
73%
to
73%
Do
68%
do?
68%
do
68%
me
68%
on
65%
No
63%
no
63%
No,
63%
What
63%
be
60%
can
60%
And
58%
and
58%
am
56%
in
56%
don't
52%
Don't
52%
dont
52%
know
50%
It
47%
it
47%
so
42%
this
42%
feel
40%
for
40%
how
40%
that
40%
cant
39%
can't
39%
need
39%
say
35%
But
34%
one,
34%
all
31%
you're
31%
You're
31%
life
29%
I'm
27%
move
27%
oh
27%
Oh,
27%
time
27%
too
27%
really
26%
think
26%
try
26%
after
24%
get
24%
had
24%
supposed
24%
hard
23%
believe
21%
good
21%
It's
21%
it's
21%
strong
21%
anymore
19%
enough,
19%
inside
19%
matter
19%
something
19%
back
18%
'Cause
18%
done
18%
gonna
18%
I'll
18%
said
18%
through
18%
around
16%
I've
16%
Well,
16%
keep
15%
lonely
15%
sad
15%
wait
15%
Sit
13%
Theres
13%
theres
13%
maybe
11%
pushing
11%
takes
11%
aside
10%
break
10%
talking
8%
turning
8%
leaving
6%
No matching quizzes found
Score Distribution
Percent of People with Each Score
Percentile by Number Answered
Your Score History
You have not taken this quiz